000 00652nam a22001937a 4500
005 20140321151826.0
010 _aB-500320
020 _a9789350094921
_c350.00
035 _aB-500320
037 _adpl
_bMallika Books/Ven
082 _aS
100 _aBajaj, Manjul
245 _aAnother Man's Wife/
_cby Manjul Bajaj
260 _aGurgaon
_bHachette Book Publishing
_c2012
270 _a4th/5th Floors, Corporate Centre, Plot No.94, Sector 44,
_bGurgaon
_e122003 (India)
300 _a284p.
_c19cm(pbk)
942 _2ddc
_cEN
_hS
_mBAJ
999 _c83125
_d83125